000 01117nam a22003497a 4500
003 CHAP
005 20220817042903.0
008 971013s1994 r 00010 d
010 _a58879
011 _a59851
035 _a64011
040 _cCHAP
082 _a333.72
_bN6
100 0 0 _aNoss, Reed F.
_981852
245 _aSaving nature's legacy
_b: protecting and restoring biodiversity
260 _aWashington, D.C. :
_bIsland,
_c1994
300 _a416 p.
_b: ilus.
490 _aDefenders of wildlife
590 _aBATCH-UPD
_b10
_c20130110
_lUCH01
_h0621
590 _aBATCH-UPD
_b10
_c20130110
_lUCH01
_h2343
590 _aBATCH-UPD
_b10
_c20130410
_lUCH01
_h0304
590 _aBATCH-UPD
_b10
_c20130914
_lUCH01
_h0628
590 _aCONVERSION
_b10
_c20130109
_lUCH01
_h1332
650 1 4 _aBiodiversidad.
_912724
650 1 4 _aEcosistema.
_935290
650 1 4 _aRecursos naturales
_xConservación.
700 0 _aCooperrider, Allen Y.
_927808
830 0 _aDefenders of wildlife
_931496
901 _aBK
942 _cLIBRO
949 _a333.72 N6
_bBC
_cLIBRO
_d33724000082335
_eLIBRO
_gI.c/e
_h89749
_i64011
_si
_t32.00
999 _c58879
_d58879